LEADER 01470nam--2200445---450- 001 990003148040203316 005 20090612123322.0 010 $a978-88-387-4043-7 035 $a000314804 035 $aUSA01000314804 035 $a(ALEPH)000314804USA01 035 $a000314804 100 $a20080922d2008----km-y0itay50------ba 101 $aita 102 $aIT 105 $a||||||||001yy 200 1 $a<> atti di nascita$eguida pratica alla stesura, esempi completi di redazione, modulistica enormativa$fMarina Caliaro, Renzo Calvigioni, Remo Govoni 205 $a2. ed. 210 $aSantarcangelo di Romagna$cMaggioli$dcopyr. 2008 215 $a405 p.$d30 cm$e1 Cd-Rom 225 2 $aProgetto ente locale$iLe guide per lo stato civile$v116 410 0$12001$aProgetto ente locale$v116 454 1$12001 461 1$1001-------$12001 606 0 $aAtti di nascita$xGuide pratiche$2BNCF 676 $a342.450662 700 1$aCALIARO,$bMarina$0542164 701 1$aCALVIGIONI,$bRenzo$0542165 702 1$aGOVONI,$bRemo 801 0$aIT$bsalbc$gISBD 912 $a990003148040203316 951 $aXXIV.3.L 171 (IG V 1385)$b60186 G.$cIG V$d00167071 959 $aBK 969 $aGIU 979 $aFIORELLA$b90$c20080922$lUSA01$h1059 979 $aFIORELLA$b90$c20080922$lUSA01$h1104 979 $aFIORELLA$b90$c20080923$lUSA01$h1438 979 $aRSIAV4$b90$c20090612$lUSA01$h1233 996 $aAtti di nascita$91018388 997 $aUNISA LEADER 01297nam0 22002771i 450 001 UON00191619 005 20231205103217.324 100 $a20030730d1930 |0itac50 ba 101 $aeng 102 $aGB 105 $a|||| 1|||| 200 1 $aˆThe ‰complete works of William Hazlitt. 1.: An essay on the principles of human actions, free thoughts on public affairs, a reply to Malthus$fedited by P.P. Howe after the edition of A.R. Waller and Arnold Glover 210 $aLondon$aToronto$cJ.M. Dent and Sons$d1930 215 $aix, 385 p.$cill.$d23 cm. 620 $aCA$dToronto$3UONL000778 620 $aGB$dLondon$3UONL003044 676 $a820$cLetteratura inglese e antico inglese$v21 700 1$aHAZLITT$bWilliam$3UONV025748$0163960 702 1$aHOWE$bP.P.$3UONV176704 712 $aDent & Sons$3UONV258498$4650 801 $aIT$bSOL$c20240220$gRICA 899 $aSIBA - SISTEMA BIBLIOTECARIO DI ATENEO$2UONSI 912 $aUON00191619 950 $aSIBA - SISTEMA BIBLIOTECARIO DI ATENEO$dSI Angl O.C 6 a $eSI MR 49708 5 a 996 $aComplete works of William Hazlitt. 1.: An essay on the principles of human actions, free thoughts on public affairs, a reply to Malthus$91850128 997 $aUNIOR